000 00523nam a2200169 i 4500
001 118063
003 ES-MaACL
005 20230906191025.0
007 t|
008 070214s1920 fr r ||||1| fre d
100 1 _aPella, Vespasien V.
_990051
245 1 3 _aLe délit de spécultion illicite /
_cpar Vespasien V. Pella ; avec préface de A. Alfred le Poittevin.
260 _aParis :
_bErnest Sagot & Cie,
_c1920.
300 _a114 p. ;
_c25 cm.
700 1 _aLe Poittevin, Alfred.
_992777
852 _aES-MaACL
_jB-5007
999 _c118063
_d118063